A investigação e a persecução penal da corrupção e dos delitos econômicos : (Record no. 952)

MARC details
000 -LÍDER
Campo Fixo de Controle 01232nam a2200337 a 4500
001 - NÚMERO DE CONTROLE
Campo de Controle 952
003 - IDENTIFICAÇÃO DO NÚMERO DE CONTROLE
Campo de Controle BR-CuiBMT
005 - DATA E HORA DA ÚLTIMA ATUALIZAÇÃO
Campo de Controle 20231130002555.0
008 - DADOS FIXOS
Dados Fixos 231123s2016 dfba 000 0 por d
020 ## - INTERNATIONAL STANDARD BOOK NUMBER
Nº do ISBN 9788588652989 (t. 1)
020 ## - INTERNATIONAL STANDARD BOOK NUMBER
Nº do ISBN 9788588652996 (t. 2)
040 ## - AGÊNCIA CATALOGADORA
Código da Agência Catalogadora BR-CuiBMT
Agência que transcreveu o registro BR-CuiBMT
080 ## - Nº DA CLASSIFICAÇÃO DECIMAL UNIVERSAL
Nº edição CDU 2007
Nº Class. CDU 343.352:343.1
090 ## - NÚMERO DE CHAMADA
Nº classificação 343.352:343.1
Cutter I62
245 02 - TÍTULO PRINCIPAL
Título principal A investigação e a persecução penal da corrupção e dos delitos econômicos :
Subtítulo uma pesquisa empírica no sistema de justiça federal /
Indicação de responsabilidade coordenadores Arthur Trindade Maranhão Costa, Bruno Amaral Machado, Cristina Zackseski .
260 ## - PUBLICAÇÃO, DISTRIBUIÇÃO, ETC.
Local de publicação Brasília :
Editora ESMPU,
Data 2016.
300 ## - DESCRIÇÃO FÍSICA
N. páginas ou volumes 2 v. :
Ilustrações il. ;
Dimensões 25 cm
490 1# - INDICAÇÃO DE SÉRIE
Título da série Série pesquisas ESMPU ;
Volume/designação sequencial da série v. 1
500 ## - NOTAS GERAIS
Notas gerais Vários colaboradores.
504 ## - NOTA DE BIBLIOGRAFIA, ETC.
Nota de bibliografia Inclui bibliografia.
650 ## - ASSUNTO TÓPICO
Cabeçalho tópico ou nome geográfico Investigação criminal
Subdivisão geográfica Brasil
650 ## - ASSUNTO TÓPICO
Cabeçalho tópico ou nome geográfico Persecução penal
Subdivisão geográfica Brasil
650 ## - ASSUNTO TÓPICO
Cabeçalho tópico ou nome geográfico Inquérito policial
650 ## - ASSUNTO TÓPICO
Cabeçalho tópico ou nome geográfico Corrupção administrativa
650 ## - ASSUNTO TÓPICO
Cabeçalho tópico ou nome geográfico Justiça Federal
700 1# - ENTRADA SECUNDÁRIA -- NOME PESSOAL
Nome pessoal Costa, Arthur Trindade Maranhão,
Datas associadas ao nome 1968-
Cód. do termo explicativo coord.
700 1# - ENTRADA SECUNDÁRIA -- NOME PESSOAL
Nome pessoal Machado, Bruno Amaral,
Datas associadas ao nome 1968-
Cód. do termo explicativo coord.
700 1# - ENTRADA SECUNDÁRIA -- NOME PESSOAL
Nome pessoal Zackseski, Cristina
Cód. do termo explicativo coord.
830 #0 - ENTRADA SECUNDÁRIA DE SÉRIE -- TÍTULO UNIFORME
Título uniforme Pesquisas ESMPU ;
Nº do volume/designação sequencial da série 1
942 ## - ELEMENTOS DE ENTRADA ADICIONAIS (KOHA)
Fonte de classificação ou esquema de arquivamento Classificação Decimal Universal
Tipo de item do Koha Livros
Holdings
Estado: removido Estado: perdido Fonte de classificação ou esquema de arquivamento Estado: danificado Indisponível para empréstimo Localização permanente Localização atual Data de aquisição Numeração serial ou cronológica (Volume) Total Checkouts Número de Chamada completo Código de barras Date last seen Número do exemplar Preço efetivo a partir de Tipo de item (Koha)
    Classificação Decimal Universal     Biblioteca da Escola Superior de Contas do TCE/MT Biblioteca da Escola Superior de Contas do TCE/MT 23/11/2023 v. 1   343.352:343.1 I62 BIBTCEMT23111006 23/11/2023 Ex. 1 23/11/2023 Livros
    Classificação Decimal Universal     Biblioteca da Escola Superior de Contas do TCE/MT Biblioteca da Escola Superior de Contas do TCE/MT 23/11/2023 v. 2   343.352:343.1 I62 BIBTCEMT23111017 23/11/2023 Ex. 1 23/11/2023 Livros

Powered by Koha